[Event "Hull 4NCL International"]
[Site "Hull"]
[Date "2021.10.22"]
[Round "1.7"]
[White "Culkin, Shaun J"]
[Black "Whitfield, Craig M"]
[Result "1-0"]
[WhiteElo "1983"]
[BlackElo "2298"]
[PlyCount "0"]
[EventDate "2021.10.22"]

1. e4 {[%clk 01:30:51]} {[%emt 00:00:08]} c5 {[%clk 01:30:55]} {[%emt
00:00:06]} 2. Nc3 {[%clk 01:30:14]} {[%emt 00:01:06]} Nc6 {[%clk 01:31:19]}
{[%emt 00:00:07]} 3. f4 {[%clk 01:29:54]} {[%emt 00:00:49]} g6 {[%clk
01:31:30]} {[%emt 00:00:20]} 4. Nf3 {[%clk 01:28:27]} {[%emt 00:01:57]} Bg7
{[%clk 01:31:55]} {[%emt 00:00:05]} 5. Bb5 {[%clk 01:28:28]} {[%emt 00:00:28]}
Nd4 {[%clk 01:31:37]} {[%emt 00:00:49]} 6. Bc4 {[%clk 01:26:33]} {[%emt
00:12:30]} e6 {[%clk 01:22:09]} 7. O-O {[%clk 01:23:26]} {[%emt 00:03:28]} Ne7
{[%clk 01:22:25]} {[%emt 00:00:14]} 8. d3 {[%clk 01:15:37]} {[%emt 00:08:19]}
d5 {[%clk 01:19:49]} {[%emt 00:03:07]} 9. Bb3 {[%emt 00:04:54]} Nxb3 {[%clk
01:16:43]} {[%emt 00:03:30]} 10. axb3 {[%clk 01:11:23]} {[%emt 00:00:25]} b6
{[%clk 01:13:21]} {[%emt 00:03:54]} 11. Qe1 {[%clk 01:10:15]} {[%emt 00:01:37]}
Bb7 {[%clk 01:03:39]} {[%emt 00:10:13]} 12. Bd2 {[%clk 01:02:05]} {[%emt
00:08:39]} dxe4 {[%clk 00:53:34]} {[%emt 00:10:36]} 13. dxe4 {[%clk 00:58:49]}
{[%emt 00:03:45]} O-O {[%clk 00:53:09]} {[%emt 00:00:56]} 14. Qh4 {[%clk
00:47:35]} {[%emt 00:11:43]} Nc6 {[%clk 00:52:00]} {[%emt 00:01:40]} 15. Qh3
{[%clk 00:47:27]} {[%emt 00:00:37]} Nd4 {[%clk 00:50:40]} {[%emt 00:01:51]} 16.
Rad1 {[%clk 00:40:55]} {[%emt 00:07:01]} Qe7 {[%clk 00:46:31]} {[%emt
00:04:40]} 17. f5 exf5 {[%clk 00:45:14]} 18. Nd5 {[%clk 00:24:30]} {[%emt
00:12:13]} Nxf3+ {[%clk 00:38:01]} 19. gxf3 Bxd5 {[%emt 00:06:17]} 20. exd5
{[%clk 00:24:35]} {[%emt 00:00:02]} Rad8 {[%clk 00:37:09]} {[%emt 00:01:23]} 21.
Bh6 {[%clk 00:19:01]} {[%emt 00:06:03]} c4 {[%clk 00:30:31]} {[%emt 00:07:09]}
22. Rfe1 {[%clk 00:15:05]} {[%emt 00:04:26]} Qc5+ {[%clk 00:30:22]} 23. Be3
{[%clk 00:15:21]} {[%emt 00:00:53]} Qb5 {[%clk 00:30:37]} 24. Qf1 {[%clk
00:13:43]} {[%emt 00:02:22]} Bxb2 25. bxc4 Qa4 {[%clk 00:22:58]} {[%emt
00:00:10]} 26. Qd3 {[%clk 00:09:55]} {[%emt 00:03:32]} Bf6 {[%clk 00:17:51]}
{[%emt 00:05:38]} 27. Qb3 {[%clk 00:07:49]} {[%emt 00:02:36]} Qa5 {[%clk
00:15:29]} 28. Qd3 {[%clk 00:07:06]} {[%emt 00:04:06]} Rfe8 {[%emt 00:03:45]}
29. Bf2 {[%clk 00:06:18]} Qc3 {[%clk 00:09:23]} {[%emt 00:04:37]} 30. Rxe8+
{[%clk 00:05:00]} {[%emt 00:01:49]} Rxe8 {[%clk 00:09:52]} {[%emt 00:00:01]} 31.
Qxc3 {[%clk 00:05:01]} {[%emt 00:00:29]} Bxc3 {[%clk 00:10:20]} {[%emt
00:00:02]} 32. c5 bxc5 {[%clk 00:09:41]} 33. Bxc5 {[%clk 00:04:12]} {[%emt
00:00:15]} a5 {[%clk 00:08:20]} {[%emt 00:01:50]} 34. d6 {[%clk 00:04:22]}
{[%emt 00:00:19]} Bf6 {[%clk 00:07:16]} {[%emt 00:01:34]} 35. d7 {[%clk
00:04:38]} {[%emt 00:00:14]} Rb8 {[%clk 00:06:50]} {[%emt 00:00:56]} 36. Ba7
{[%clk 00:03:24]} {[%emt 00:01:44]} Ra8 {[%clk 00:06:34]} {[%emt 00:00:46]} 37.
Bb6 {[%clk 00:03:45]} {[%emt 00:00:09]} Bd8 {[%clk 00:06:59]} {[%emt 00:00:05]}
38. Bxd8 {[%clk 00:03:47]} {[%emt 00:00:28]} Rxd8 {[%clk 00:07:16]} {[%emt
00:00:13]} 39. c4 {[%clk 00:04:11]} {[%emt 00:00:06]} Kf8 {[%clk 00:06:17]}
{[%emt 00:01:30]} 40. c5 {[%clk 00:04:33]} {[%emt 00:00:08]} Ke7 {[%clk
00:06:46]} {[%emt 00:00:01]} 41. c6 {[%clk 00:04:36]} {[%emt 00:00:27]} a4
{[%clk 00:06:49]} {[%emt 00:00:28]} 42. c7 {[%clk 00:04:30]} {[%emt 00:00:35]}
Rxd7 {[%clk 00:07:17]} {[%emt 00:00:01]} 43. Re1+ {[%clk 00:04:39]} {[%emt
00:00:21]} 1-0

[Event "Hull 4NCL International"]
[Site "Hull"]
[Date "2021.10.22"]
[Round "1.8"]
[White "Lalic, Peter D"]
[Black "Jukes, Sam"]
[Result "1/2-1/2"]
[WhiteElo "2268"]
[BlackElo "1973"]
[PlyCount "0"]
[EventDate "2021.10.22"]

1. h3 {[%clk 01:27:26]} {[%emt 00:03:14]} e5 {[%clk 01:30:18]} {[%emt
00:01:00]} 2. c4 {[%clk 01:26:53]} {[%emt 00:01:04]} Nf6 {[%clk 01:29:47]}
{[%emt 00:13:08]} 3. Nc3 {[%clk 01:27:07]} d5 {[%clk 01:27:43]} 4. cxd5 Nxd5
{[%clk 01:26:29]} 5. e4 {[%clk 01:27:52]} Nf6 {[%clk 01:23:52]} 6. Nf3 {[%clk
01:25:43]} Bd6 {[%clk 01:21:07]} {[%emt 00:01:43]} 7. Bc4 {[%clk 01:23:46]}
{[%emt 00:02:27]} O-O {[%clk 01:13:27]} {[%emt 00:08:10]} 8. O-O {[%clk
01:23:10]} {[%emt 00:01:05]} c6 {[%clk 01:12:44]} {[%emt 00:01:14]} 9. d4
{[%clk 01:13:56]} {[%emt 00:09:43]} Nbd7 {[%clk 01:08:18]} {[%emt 00:04:57]} 10.
a4 {[%clk 01:07:23]} {[%emt 00:07:03]} Qe7 {[%clk 01:03:32]} {[%emt 00:05:14]}
11. d5 {[%clk 00:34:22]} {[%emt 00:33:31]} h6 {[%clk 00:54:19]} {[%emt
00:09:43]} 12. Ba2 {[%clk 00:26:03]} {[%emt 00:08:50]} Rd8 {[%clk 00:52:31]}
{[%emt 00:02:18]} 13. dxc6 {[%clk 00:14:29]} {[%emt 00:12:05]} bxc6 {[%clk
00:51:46]} {[%emt 00:01:13]} 14. Nh4 {[%clk 00:14:43]} {[%emt 00:00:17]} Nf8
{[%clk 00:50:52]} {[%emt 00:01:24]} 15. Qf3 {[%clk 00:14:52]} {[%emt 00:00:20]}
Be6 {[%clk 00:45:34]} {[%emt 00:05:48]} 16. Nf5 {[%clk 00:13:58]} {[%emt
00:01:24]} Bxf5 {[%clk 00:45:32]} {[%emt 00:00:32]} 17. Qxf5 {[%clk 00:14:26]}
{[%emt 00:00:02]} Qd7 {[%clk 00:36:59]} {[%emt 00:09:03]} 18. Qf3 {[%clk
00:12:38]} {[%emt 00:02:18]} Qe7 {[%clk 00:28:18]} {[%emt 00:09:11]} 19. Ne2
{[%clk 00:10:49]} {[%emt 00:02:19]} Ne6 {[%clk 00:25:01]} {[%emt 00:03:47]} 20.
Be3 {[%clk 00:11:04]} {[%emt 00:00:15]} Rab8 {[%clk 00:19:43]} {[%emt
00:05:48]} 21. Rab1 {[%clk 00:06:00]} {[%emt 00:05:34]} Nd4 {[%clk 00:18:13]}
{[%emt 00:02:00]} 22. Nxd4 {[%clk 00:05:33]} {[%emt 00:00:57]} exd4 {[%clk
00:18:33]} {[%emt 00:00:10]} 23. Bxd4 {[%clk 00:05:51]} {[%emt 00:00:12]} Bh2+
{[%clk 00:16:59]} {[%emt 00:02:04]} 24. Kxh2 {[%clk 00:05:42]} {[%emt
00:00:39]} 1/2-1/2

[Event "Hull 4NCL International"]
[Site "Hull"]
[Date "2021.10.22"]
[Round "1.11"]
[White "Ilett, Raymond J"]
[Black "Andal, Edmond"]
[Result "0-1"]
[WhiteElo "1938"]
[BlackElo "2230"]
[PlyCount "74"]
[EventDate "2021.10.22"]

1. d4 e6 2. c4 f5 3. Nf3 Nf6 4. Nc3 Bb4 5. Qb3 a5 6. Bf4 Qe7 7. e3 a4 8. Qc2 a3
9. Bd3 axb2 10. Qxb2 Ra3 11. Rc1 Na6 12. O-O O-O 13. Rfd1 Ra5 14. Qe2 Bxc3 15.
Rxc3 d6 16. c5 Nb4 17. cxd6 cxd6 18. Rdc1 Rxa2 19. Qd1 Nc6 20. Bb5 Bd7 21. Qb3
Rfa8 22. Bc4 R2a7 23. Qb6 h6 24. h4 Kh7 25. Bd3 Nd5 26. Qb2 Nxc3 27. Qxc3 d5
28. g3 Be8 29. g4 Bd7 30. Kg2 Ra2 31. gxf5 exf5 32. Qe1 Qf7 33. Qh1 Qh5 34. Rg1
Qg4+ 35. Kf1 Ra1+ 36. Ne1 Rxe1+ 37. Kxe1 Ra1+ 0-1

[Event "Hull 4NCL International"]
[Site "Hull"]
[Date "2021.10.22"]
[Round "1.12"]
[White "Birtwistle, Nigel"]
[Black "Turner, Lewis A"]
[Result "1-0"]
[WhiteElo "2194"]
[BlackElo "1934"]
[PlyCount "81"]
[EventDate "2021.10.22"]

1. Nf3 d5 2. c4 c6 3. g3 Nf6 4. Bg2 Bf5 5. Qb3 Qc8 6. cxd5 cxd5 7. Nc3 e6 8. d3
Nc6 9. O-O Be7 10. Bf4 O-O 11. Rac1 Qd7 12. a3 Rac8 13. Qa4 d4 14. Nb1 e5 15.
Bg5 a6 16. Nbd2 Rfe8 17. Rfe1 Rc7 18. Nb3 Qc8 19. Nc5 Bxc5 20. Rxc5 Nd7 21.
Rcc1 f6 22. Bd2 Be6 23. Nh4 Nb6 24. Qc2 Ree7 25. Qb1 g5 26. Nf3 Bb3 27. e3 Qd8
28. exd4 g4 29. Nh4 Nxd4 30. Bb4 Re6 31. Bc5 Rd7 32. Bxd4 Rxd4 33. Be4 Rxe4 34.
Rxe4 h5 35. d4 Bd5 36. dxe5 Qe8 37. Rf4 fxe5 38. Rf5 e4 39. b4 e3 40. Rg5+ Kh8
41. Qb2+ 1-0

[Event "Hull 4NCL International"]
[Site "Hull"]
[Date "2021.10.22"]
[Round "1.13"]
[White "Varley, Joe"]
[Black "Boswell, Jacob Connor"]
[Result "1-0"]
[WhiteElo "1905"]
[BlackElo "2191"]
[PlyCount "83"]
[EventDate "2021.10.22"]

1. e4 c5 2. Nf3 e6 3. d4 cxd4 4. Nxd4 Nc6 5. Nb5 d6 6. Bf4 e5 7. Be3 Nf6 8. Bg5
Be7 9. N1c3 a6 10. Bxf6 gxf6 11. Na3 f5 12. Bc4 O-O 13. Bd3 fxe4 14. Bxe4 f5
15. Bd5+ Kh8 16. Qh5 Bd7 17. O-O-O b5 18. Ne2 Be8 19. Qh3 Rc8 20. Kb1 Bg6 21.
f4 Qb6 22. c3 b4 23. Nc4 Qb5 24. Qd3 e4 25. Qd2 Bh5 26. Rhe1 Bxe2 27. Rxe2 bxc3
28. Qxc3+ Bf6 29. a4 Qc5 30. Qa3 Nb4 31. Ne3 Rc7 32. Be6 Bd4 33. Nd5 Qc4 34.
Qxb4 Qxe2 35. Qxd4+ Rg7 36. Ne3 Qh5 37. Qxd6 Re8 38. Qe5 Qg6 39. Nxf5 Rxe6 40.
Rd8+ Re8 41. Rxe8+ Qxe8 42. Qxg7# 1-0

[Event "Hull 4NCL International"]
[Site "Hull"]
[Date "2021.10.22"]
[Round "1.14"]
[White "Agnew, Alan"]
[Black "Flynn, David"]
[Result "0-1"]
[WhiteElo "2185"]
[BlackElo "1863"]
[PlyCount "61"]
[EventDate "2021.10.22"]

1. d4 Nf6 2. Nf3 g6 3. c4 c5 4. d5 b5 5. cxb5 a6 6. b6 d6 7. Nc3 Nbd7 8. e4
Qxb6 9. Be2 Bg7 10. O-O O-O 11. Nd2 a5 12. Nc4 Qa7 13. f4 Nb6 14. e5 Ne8 15.
Nb5 Qb8 16. exd6 exd6 17. a4 Bd7 18. Nxb6 Qxb6 19. Kh1 Nc7 20. Rb1 Nxb5 21.
axb5 Bxb5 22. Bxb5 Qxb5 23. f5 Be5 24. Bh6 Rfb8 25. Qf3 Qb3 26. Be3 f6 27. Rbe1
Rb4 28. fxg6 hxg6 29. Qh3 Qxd5 30. Qh6 Qf7 31. Bxc5 0-1

[Event "Hull 4NCL International"]
[Site "Hull"]
[Date "2021.10.22"]
[Round "1.15"]
[White "Bettley, Andrew D"]
[Black "Britton, Richard"]
[Result "0-1"]
[WhiteElo "1852"]
[BlackElo "2163"]
[PlyCount "112"]
[EventDate "2021.10.22"]

1. e4 c5 2. Nf3 d6 3. d4 cxd4 4. Nxd4 Nf6 5. Nc3 a6 6. Bc4 e6 7. O-O b5 8. Bd3
Bb7 9. f3 Be7 10. Be3 O-O 11. a3 Nbd7 12. Re1 Rc8 13. Qd2 Ne5 14. b3 d5 15.
exd5 Nxd3 16. Qxd3 Nxd5 17. Nxd5 Qxd5 18. Red1 Rfd8 19. Qe2 Qe5 20. Qf2 Bf6 21.
a4 b4 22. Rd2 Rc3 23. Re1 Qc7 24. Red1 g6 25. f4 Rc8 26. Rc1 Rd8 27. Rcd1 Rd5
28. Qe2 Qc8 29. Qf2 Ba8 30. Qe2 Rc7 31. Qf2 Rcd7 32. Kf1 Bb7 33. Kg1 Qd8 34.
Kf1 Qe7 35. Kg1 Rd8 36. Kf1 Bh4 37. Qe2 e5 38. Nf3 exf4 39. Rxd5 Rxd5 40. Rxd5
Bxd5 41. Bxf4 Qxe2+ 42. Kxe2 Be7 43. g3 f6 44. Nd4 Kf7 45. Kd3 g5 46. Bc7 Kg6
47. g4 Bc5 48. Bg3 h5 49. h3 h4 50. Bc7 Bg2 51. Kc4 Be7 52. Nf5 Bf1+ 53. Kd5
Kf7 54. Nh6+ Kf8 55. Ke6 Bxh3 56. Nf5 Bxg4 0-1

[Event "Hull 4NCL International"]
[Site "Hull"]
[Date "2021.10.22"]
[Round "1.16"]
[White "Milson, Samuel A"]
[Black "Johnson, Paul A"]
[Result "1-0"]
[WhiteElo "2138"]
[BlackElo "1851"]
[PlyCount "77"]
[EventDate "2021.10.22"]

1. e4 e5 2. Nf3 Nc6 3. Bb5 a6 4. Ba4 Nf6 5. O-O Be7 6. Re1 b5 7. Bb3 d6 8. c3
Na5 9. Bc2 c5 10. d4 Qc7 11. d5 Nc4 12. Bb3 Nb6 13. Nbd2 O-O 14. Nf1 Re8 15.
Ng3 g6 16. h3 Bf8 17. Bg5 Bg7 18. Qd2 Kh8 19. Bh6 Ng8 20. Bxg7+ Kxg7 21. Nh2
Qe7 22. f4 f6 23. Rf1 Bd7 24. Rf2 Rf8 25. Raf1 Rae8 26. Nf3 h6 27. h4 exf4 28.
Qxf4 h5 29. Qd2 Nh6 30. Nh2 Ng4 31. Nxg4 Bxg4 32. Bd1 Bxd1 33. Qxd1 Nd7 34. Ne2
Qxe4 35. Nf4 Kh7 36. Re2 Qf5 37. Ne6 Qg4 38. Nxf8+ Rxf8 39. Re7+ 1-0

[Event "Hull 4NCL International"]
[Site "Hull"]
[Date "2021.10.22"]
[Round "1.17"]
[White "Hall, David G"]
[Black "Maycock, David Henry"]
[Result "0-1"]
[WhiteElo "1833"]
[BlackElo "2133"]
[PlyCount "38"]
[EventDate "2021.10.22"]

1. d4 Nf6 2. Nf3 d5 3. c4 e6 4. Nbd2 c5 5. cxd5 exd5 6. dxc5 Bxc5 7. Nb3 Bd6 8.
e3 O-O 9. Be2 Nc6 10. O-O Re8 11. Re1 Ne4 12. Nbd4 Qf6 13. Rf1 Bg4 14. h3 Bxf3
15. Nxf3 d4 16. exd4 Nxd4 17. Be3 Nxe2+ 18. Qxe2 Ng3 19. fxg3 Rxe3 0-1

[Event "Hull 4NCL International"]
[Site "Hull"]
[Date "2021.10.22"]
[Round "1.18"]
[White "Majumder, Shrayan"]
[Black "Mize, Dylan"]
[Result "1-0"]
[WhiteElo "1647"]
[BlackElo "1831"]
[PlyCount "57"]
[EventDate "2021.10.22"]

1. d4 d5 2. c4 c6 3. Nf3 Nf6 4. Qb3 e6 5. Nc3 Nbd7 6. Bg5 Be7 7. e3 O-O 8. Bd3
dxc4 9. Bxc4 b5 10. Be2 h6 11. Bh4 a5 12. O-O a4 13. Qc2 a3 14. b3 Bb7 15. Ne5
Nb6 16. Bf3 Nbd5 17. Bxf6 Bxf6 18. Ne4 Bxe5 19. dxe5 b4 20. Rfd1 Qc7 21. Nc5
Rfd8 22. Rd4 Nc3 23. Rxb4 Qxe5 24. Rc1 Nb5 25. Nxb7 Qb2 26. Nxd8 Rxd8 27. Rd1
Qxc2 28. Rxd8+ Kh7 29. Be4+ 1-0

[Event "Hull 4NCL International"]
[Site "Hull"]
[Date "2021.10.22"]
[Round "1.19"]
[White "Liu, Jack"]
[Black "Chan, Sheng Liang Bernard"]
[Result "0-1"]
[WhiteElo "1810"]
[BlackElo "2078"]
[PlyCount "82"]
[EventDate "2021.10.22"]

1. e4 c5 2. Nf3 d6 3. d4 cxd4 4. Nxd4 Nf6 5. Nc3 Nc6 6. Be2 e5 7. Nb3 Be7 8.
Be3 a5 9. a4 Be6 10. Nd5 Bxd5 11. exd5 Nb4 12. c4 O-O 13. O-O Nd7 14. Kh1 Bg5
15. Rc1 b6 16. Nd2 Bxe3 17. fxe3 Nc5 18. e4 Qh4 19. g3 Qh6 20. Rc3 Nxa4 21.
Qxa4 Qxd2 22. Bg4 Qd4 23. Bf3 Rac8 24. Qb3 g6 25. Rd1 Qc5 26. Bg2 Na6 27. Qc2
Qc7 28. Rf1 Qe7 29. Rcf3 b5 30. b3 bxc4 31. bxc4 Nc5 32. Rb1 Rb8 33. Rff1 Qc7
34. Rb5 a4 35. Rfb1 Nb3 36. R5xb3 axb3 37. Rxb3 Rxb3 38. Qxb3 Rb8 39. Qc2 Qc5
40. h4 Qe3 41. Kh2 Rb3 0-1

[Event "Hull 4NCL International"]
[Site "Hull"]
[Date "2021.10.22"]
[Round "1.20"]
[White "Collinson, Mark I"]
[Black "Pal, Rohan"]
[Result "1/2-1/2"]
[WhiteElo "2073"]
[BlackElo "1805"]
[PlyCount "79"]
[EventDate "2021.10.22"]

1. d4 d5 2. Nf3 Nf6 3. c4 e6 4. g3 Be7 5. Bg2 O-O 6. Nc3 c6 7. O-O b6 8. Bf4
Bb7 9. cxd5 cxd5 10. Rc1 Nc6 11. a3 a6 12. Qd3 b5 13. Ne5 Qb6 14. Rfd1 Rac8 15.
b4 Rfd8 16. Bf3 Ne8 17. g4 Nd6 18. g5 Nxe5 19. Bxe5 Bxg5 20. Bxd6 Qxd6 21. e3
Rc4 22. Qd2 Rdc8 23. Be2 R4c6 24. Na2 Bd8 25. Rxc6 Bxc6 26. Nc1 Bc7 27. f4 f6
28. Nd3 g5 29. Bf3 gxf4 30. exf4 Bb6 31. Nc5 Bd7 32. Kh1 Kh8 33. Rg1 Rg8 34.
Rxg8+ Kxg8 35. f5 Bxc5 36. bxc5 Qc6 37. Qh6 exf5 38. Qf4 Kf7 39. Qh6 Kg8 40.
Qf4 1/2-1/2

[Event "Hull 4NCL International"]
[Site "Hull"]
[Date "2021.10.22"]
[Round "1.21"]
[White "Dasgupta, Avyukt"]
[Black "Ther, Mate"]
[Result "0-1"]
[WhiteElo "1777"]
[BlackElo "2062"]
[PlyCount "172"]
[EventDate "2021.10.22"]

1. d4 Nf6 2. Bf4 e6 3. e3 b6 4. Nd2 Bb7 5. Ngf3 Be7 6. Bd3 c5 7. h3 d6 8. c3
cxd4 9. exd4 Nbd7 10. O-O O-O 11. Re1 Re8 12. Qc2 Nf8 13. Ng5 Rc8 14. Ngf3 Nd5
15. Bg3 Nb4 16. Qb1 Nxd3 17. Qxd3 Ng6 18. Re3 Bf6 19. Rae1 Ne7 20. R3e2 Ng6 21.
Ne4 Be7 22. h4 h6 23. h5 Nf8 24. Bf4 Bd5 25. Nfd2 Qc7 26. a3 Kh8 27. f3 Nh7 28.
Re3 Qd7 29. Nf2 Nf6 30. g4 Bc6 31. Nde4 Nd5 32. Bg3 Nxe3 33. Qxe3 a5 34. Bf4
Bxe4 35. Nxe4 d5 36. Nf2 Bd6 37. Nd3 Bxf4 38. Qxf4 Kg8 39. Ne5 Qc7 40. Kf2 f6
41. Ng6 Qxf4 42. Nxf4 Kf7 43. Ng6 b5 44. f4 b4 45. axb4 axb4 46. cxb4 Rc2+ 47.
Re2 Rec8 48. Nh8+ Ke8 49. Ke1 Rxe2+ 50. Kxe2 Rb8 51. Kd3 Rxb4 52. Kc3 Rc4+ 53.
Kd3 Kd7 54. g5 fxg5 55. fxg5 hxg5 56. Nf7 Rc8 57. Nxg5 Rh8 58. b4 Rxh5 59. Nf7
Rh3+ 60. Kc2 Ke7 61. Ne5 g5 62. b5 Rg3 63. b6 Kd8 64. Nc6+ Kc8 65. b7+ Kxb7 66.
Nd8+ Kc7 67. Nxe6+ Kd6 68. Ng7 Rf3 69. Kd2 g4 70. Ke2 Ra3 71. Nf5+ Ke6 72. Ne3
Rxe3+ 73. Kxe3 Kf5 74. Ke2 Ke4 75. Kf2 Kxd4 76. Kg3 Ke3 77. Kxg4 d4 78. Kf5 d3
79. Ke6 d2 80. Ke7 d1=Q 81. Ke8 Qd6 82. Kf7 Kf4 83. Ke8 Qc7 84. Kf8 Kf5 85. Kg8
Kf6 86. Kf8 Qf7# 0-1

[Event "Hull 4NCL International"]
[Site "Hull"]
[Date "2021.10.22"]
[Round "1.22"]
[White "Thomson, Neil"]
[Black "Prince, Alan R"]
[Result "1/2-1/2"]
[WhiteElo "2062"]
[BlackElo "1773"]
[PlyCount "89"]
[EventDate "2021.10.22"]

1. e4 g6 2. d4 d6 3. Nc3 c6 4. f4 d5 5. e5 h5 6. Bd3 Nh6 7. Nf3 Bf5 8. Be3 Ng4
9. Bg1 e6 10. Qd2 Bb4 11. Ng5 Nd7 12. h3 Nh6 13. Bf2 Bxd3 14. Qxd3 Nf5 15. O-O
Be7 16. Qd2 h4 17. Nd1 Rh5 18. Nf3 c5 19. c3 Kf8 20. Ne3 Kg7 21. Rfd1 c4 22. a4
a5 23. Qc2 Rc8 24. Nd2 Nxe3 25. Bxe3 Qc7 26. Rdb1 Nb6 27. Nf1 Rhh8 28. Bf2 Qc6
29. Ne3 Rc7 30. Kh2 Rcc8 31. Be1 Rc7 32. Qd1 Qe8 33. Ra2 Qd7 34. Bf2 Rcc8 35.
Qc2 Rc7 36. Qd1 Rcc8 37. Ng4 Rc7 38. Qe1 Qc8 39. Ne3 Qd7 40. Qe2 Nxa4 41. Rba1
b5 42. Ng4 Qd8 43. Rg1 Ra7 44. Rga1 Ra8 45. Ne3 1/2-1/2

[Event "Hull 4NCL International"]
[Site "Hull"]
[Date "2021.10.22"]
[Round "1.23"]
[White "Southcott-Moyers, Indy"]
[Black "Green, Michael"]
[Result "0-1"]
[WhiteElo "1751"]
[BlackElo "2050"]
[PlyCount "94"]
[EventDate "2021.10.22"]

1. d4 Nf6 2. Nf3 c5 3. c3 b6 4. Bf4 g6 5. e3 Bg7 6. Nbd2 O-O 7. Bd3 d6 8. h3
Bb7 9. Bh2 Nbd7 10. O-O Rc8 11. Qe2 Rc7 12. a4 Qc8 13. a5 Bc6 14. axb6 axb6 15.
Ba6 Qb8 16. Bb5 Bxb5 17. Qxb5 Ra7 18. Ra6 Qb7 19. Rfa1 Rfa8 20. Rxa7 Rxa7 21.
Rxa7 Qxa7 22. Qd3 Qa4 23. Bg3 b5 24. Kh2 h6 25. Ne4 c4 26. Qb1 Nd5 27. Ned2 b4
28. cxb4 Qxb4 29. Qc2 N7b6 30. b3 c3 31. Nb1 f5 32. Ne1 f4 33. exf4 Qxd4 34.
Nf3 Qf6 35. Qe4 Qf5 36. Qxf5 gxf5 37. Ne1 Nb4 38. Na3 d5 39. Nac2 Nxc2 40. Nxc2
d4 41. Ne1 Nd5 42. Nd3 c2 43. f3 Nb4 44. Nc1 d3 45. Be1 Bb2 46. Bd2 Bxc1 47.
Bxc1 Na2 0-1

[Event "Hull 4NCL International"]
[Site "Hull"]
[Date "2021.10.23"]
[Round "2.1"]
[White "Hebden, Mark L"]
[Black "Milson, Samuel A"]
[Result "1-0"]
[WhiteElo "2530"]
[BlackElo "2138"]
[PlyCount "0"]
[EventDate "2021.10.22"]

1. d4 {[%clk 01:30:46]} {[%emt 00:00:12]} d5 {[%clk 01:30:51]} {[%emt
00:00:09]} 2. Nf3 {[%clk 01:31:10]} {[%emt 00:00:07]} Nf6 {[%clk 01:31:13]}
{[%emt 00:00:09]} 3. c4 {[%clk 01:31:35]} {[%emt 00:00:05]} c6 {[%clk
01:31:33]} {[%emt 00:00:09]} 4. e3 {[%clk 01:31:56]} {[%emt 00:00:06]} Bf5
{[%clk 01:31:48]} {[%emt 00:00:18]} 5. cxd5 {[%clk 01:31:02]} {[%emt 00:01:24]}
cxd5 {[%clk 01:32:08]} {[%emt 00:00:11]} 6. Qb3 {[%clk 01:31:27]} {[%emt
00:00:05]} Qc7 {[%clk 01:32:19]} {[%emt 00:00:18]} 7. Bd2 {[%clk 01:31:50]}
{[%emt 00:00:07]} Nc6 {[%clk 01:31:39]} {[%emt 00:01:09]} 8. Bb5 {[%clk
01:32:14]} {[%emt 00:00:06]} e6 {[%clk 01:31:29]} {[%emt 00:00:40]} 9. O-O
{[%clk 01:32:36]} {[%emt 00:00:09]} Bd6 {[%clk 01:30:09]} {[%emt 00:01:50]} 10.
Bb4 {[%clk 01:32:57]} {[%emt 00:00:09]} O-O {[%clk 01:29:20]} {[%emt 00:01:19]}
11. Bxc6 {[%clk 01:33:22]} {[%emt 00:00:06]} Qxc6 {[%clk 01:22:15]} {[%emt
00:07:35]} 12. Ne5 {[%clk 01:33:42]} {[%emt 00:00:10]} Qb6 {[%clk 01:16:05]}
{[%emt 00:06:41]} 13. Bxd6 {[%clk 01:33:44]} {[%emt 00:00:28]} Qxd6 {[%clk
01:16:25]} {[%emt 00:00:10]} 14. Nc3 {[%clk 01:33:32]} {[%emt 00:00:42]} a6
{[%clk 01:08:19]} {[%emt 00:08:36]} 15. Na4 {[%clk 01:17:39]} {[%emt 00:16:23]}
b5 {[%clk 00:58:06]} {[%emt 00:10:42]} 16. Nc5 {[%clk 01:18:01]} {[%emt
00:00:08]} Ne4 {[%clk 00:57:26]} {[%emt 00:01:09]} 17. Rfc1 {[%clk 01:11:54]}
{[%emt 00:06:37]} Rfc8 {[%clk 00:54:15]} {[%emt 00:03:42]} 18. Ned3 {[%clk
01:10:22]} {[%emt 00:02:03]} Nd2 {[%clk 00:44:35]} {[%emt 00:10:10]} 19. Qb4
{[%clk 01:00:13]} {[%emt 00:10:39]} Nc4 {[%clk 00:38:04]} {[%emt 00:07:01]} 20.
b3 {[%clk 00:59:36]} {[%emt 00:01:07]} a5 {[%clk 00:33:14]} {[%emt 00:05:20]}
21. Qxb5 {[%clk 00:56:03]} {[%emt 00:04:04]} Bxd3 {[%clk 00:32:45]} {[%emt
00:00:59]} 22. Nxd3 {[%clk 00:53:54]} {[%emt 00:02:38]} Rab8 {[%clk 00:32:03]}
{[%emt 00:01:12]} 23. Qa4 {[%clk 00:52:52]} {[%emt 00:01:32]} Na3 {[%clk
00:14:32]} {[%emt 00:18:01]} 24. Nc5 {[%clk 00:50:55]} {[%emt 00:02:27]} Nb5
{[%clk 00:13:54]} {[%emt 00:01:09]} 25. Qxa5 {[%clk 00:48:55]} {[%emt
00:02:29]} e5 {[%clk 00:13:10]} {[%emt 00:01:14]} 26. Na6 {[%clk 00:36:05]}
{[%emt 00:13:20]}  1-0